Quiz Astronômico - Statistics

Estatísticas Gerais
  • Esse quiz foi jogado 167 vezes
  • A pontuação média é 6 de 20
Estatísticas das Respostas
Imagem Hint Resposta % Correto
Foi um planeta Plutão
94%
É um planeta Urano
83%
Monstro cósmico Buraco Negro
72%
É uma Lua de Júpiter Europa
56%
Morte estelar Supernova
53%
É hipotético Buraco de minhoca
51%
É uma estrela degenerada Anã branca
38%
Tem 33 rotações por segundo Pulsar
33%
Expele a matéria Buraco branco
30%
Compõem duas estrelas Sistema binário
13%
É uma estrela que perdeu TODA sua luminosidade Anã negra
11%
O corpo que mais abriga água no Universo Quasar
8%
Exoplaneta mais próximo da Terra Proxima Centauri B
6%
Superaglomerado de galáxias que nós pertencemos Laniakea
5%
É uma nebulosa na constelação do Dragão Nebulosa Olho de Gato
5%
Estrelas com 1E+9 teslas de campo magnético Magnetar
4%
Um nebulosa escura Nebulosa Cabeça de Cavalo
4%
Galáxia com Núcleo Ativo que tem jatos relativísticos altamente direcionados Blazar
2%
Maior galáxia do Universo Alcyoneus
1%
Maior planeta do Universo HD 100546 b
1%
Nenhum quiz correspondente encontrado
Distribuição das Pontuações
Porcentagem de Pessoas com Cada Pontuação
Percentil de Números Respondidos
Sua Pontuação Histórica
Você não jogou esse quiz